专名中有相同字的接壤的地级行政区 - Statistics

General Stats
  • This quiz has been taken 34 times
  • The average score is 92 of 96
Answer Stats
省级行政区 地级行政区 % Correct
河北省 秦皇岛市
100%
辽宁省 葫芦岛市
100%
江苏省 徐州市
100%
江苏省 常州市
100%
江苏省 苏州市
100%
江苏省 扬州市
100%
江苏省 泰州市
100%
浙江省 杭州市
100%
浙江省 温州市
100%
浙江省 湖州市
100%
浙江省 衢州市
100%
浙江省 台州市
100%
安徽省 宿州市
100%
福建省 福州市
100%
福建省 泉州市
100%
福建省 漳州市
100%
江西省 赣州市
100%
河南省 安阳市
100%
河南省 濮阳市
100%
河南省 南阳市
100%
湖北省 黄石市
100%
湖北省 襄阳市
100%
湖北省 荆门市
100%
湖北省 荆州市
100%
湖北省 黄冈市
100%
湖南省 邵阳市
100%
湖南省 岳阳市
100%
湖南省 郴州市
100%
湖南省 永州市
100%
广东省 梅州市
100%
广东省 潮州市
100%
四川省 绵阳市
100%
贵州省 黔西南布依族苗族自治州
100%
贵州省 黔东南苗族侗族自治州
100%
贵州省 黔南布依族苗族自治州
100%
陕西省 汉中市
100%
河北省 沧州市
97%
山西省 晋城市
97%
内蒙古自治区 呼伦贝尔市
97%
黑龙江省 齐齐哈尔市
97%
江苏省 宿迁市
97%
浙江省 绍兴市
97%
安徽省 滁州市
97%
山东省 德州市
97%
山东省 滨州市
97%
河南省 洛阳市
97%
河南省 信阳市
97%
湖南省 衡阳市
97%
广东省 佛山市
97%
广东省 中山市
97%
广西壮族自治区 贺州市
97%
四川省 巴中市
97%
陕西省 咸阳市
97%
青海省 海东市
97%
青海省 海北藏族自治州
97%
青海省 海南藏族自治州
97%
青海省 海西蒙古族藏族自治州
97%
山西省 运城市
94%
山西省 忻州市
94%
辽宁省 锦州市
94%
辽宁省 盘锦市
94%
浙江省 嘉兴市
94%
江西省 抚州市
94%
广东省 广州市
94%
广东省 江门市
94%
广东省 惠州市
94%
广东省 阳江市
94%
广西壮族自治区 梧州市
94%
四川省 德阳市
94%
四川省 乐山市
94%
四川省 眉山市
94%
四川省 资阳市
94%
陕西省 西安市
94%
陕西省 安康市
94%
甘肃省 陇南市
94%
甘肃省 甘南藏族自治州
94%
山西省 朔州市
90%
辽宁省 辽阳市
90%
安徽省 安庆市
90%
安徽省 阜阳市
90%
湖南省 益阳市
90%
四川省 凉山彝族自治州
90%
云南省 丽江市
90%
云南省 怒江傈僳族自治州
90%
甘肃省 庆阳市
90%
内蒙古自治区 鄂尔多斯市
87%
辽宁省 沈阳市
87%
安徽省 六安市
87%
青海省 黄南藏族自治州
87%
新疆维吾尔自治区 博尔塔拉蒙古自治州
87%
内蒙古自治区 巴彦淖尔市
84%
新疆维吾尔自治区 乌鲁木齐市
84%
新疆维吾尔自治区 阿克苏地区
84%
新疆维吾尔自治区 塔城地区
84%
新疆维吾尔自治区 克孜勒苏柯尔克孜自治州
81%
新疆维吾尔自治区 吐鲁番市
77%
No matching quizzes found
Score Distribution
Percent of People with Each Score
Percentile by Number Answered
Your Score History
You have not taken this quiz